| 000 | 01080cab a2200217 4500 | ||
|---|---|---|---|
| 001 | ABS59554 | ||
| 008 | 090401t1998 xxu||||| |||| 00| 0 eng d | ||
| 035 | _a(Sirsi) u89507 | ||
| 041 | _aeng | ||
| 245 | _aO`Brien v Hertsmere BC | ||
| 260 | _c1998 | ||
| 350 | _a0 | ||
| 490 |
_aProperty and Compensation Reports _v[1998] P&CR 441-447(7) |
||
| 520 | _aQBD 20 January 1998. O was convicted in the Magistrates Court for displaying an advertisement in contravention with regulations. O gave notice that he intended to appeal to the High Court. Meanwhile, he was further convicted of continuing to display the advertisement. O appealed against this conviction on grounds that it could not be made when he did not yet stand convicted of the first offence as the outcome in the HC had not yet been heard. "Held" appeal dismissed. | ||
| 650 | _aADVERTISEMENT CONTROL | ||
| 650 | _aO`BRIEN V HERTSMERE BC | ||
| 650 | _aTOWN AND COUNTRY PLANNING (CONTROL OF ADVERTISEMENTS) REGULATIONS 1992 | ||
| 690 | _aPROPERTY LAW AND PRACTICE-CASE LAW | ||
| 942 | _n0 | ||
| 948 | _c04/11/1998 | ||
| 999 |
_c56640 _d56640 |
||